Statistiques concernant Géographie physique de l‘Espagne

Cliquez ici pour prendre le quiz!

Statistiques générales

  • Ce quiz a été pris 52 fois
  • Le résultat moyen est 8 sur 20

Statistiques - réponses

QuestionRéponse% Correct
Île de la fêteIbiza
83%
Plus grand pays frontalierFrance
81%
Célèbre cathédrale barcelonaiseSagrada Familia
73%
Plus grandes îlesMajorque
71%
Ville connue pour être l’arrivée d’un chemin de pèlerinageSt-Jacques-de-Compostelle
65%
Territoires espagnols au MarocCeuta
60%
Andalousie
58%
Melilla
50%
Tenerife
44%
Chaîne de montagnes se situant également aux États-UnisSierra Nevada
42%
Plus longs cours d’eau (longueur totale)Tage
35%
Èbre
29%
Gran Canaria
29%
Plus grands départementsCastille-et-Léon
27%
Castille-la-Manche
27%
Aragon
25%
Douro
19%
Fuerteventura
15%
Point culminantMulhacén
10%
Guadiana
2%

Distribution des résultats

Percentile par nombre de réponses

% des personnes avec chaque résultat

Votre développement - résultats

Vous n’avez pas pris ce quiz